Combien de ville de l'Aisne (02) connais-tu ? - Statistiques

Statistiques générales
  • Ce quiz a été pris 32 fois
  • Le résultat moyen est 24 sur 798
Statistiques - réponses
Code postal Ville % Correct
2000 Laon
81%
2100 Saint-Quentin
73%
2200 Soissons
69%
2302 Chauny
54%
2700 Tergnier
50%
2400 Château-Thierry
42%
2500 Hirson
42%
2870 Crépy
35%
2600 Villers-Cotterêts
35%
2800 Beautor
27%
2140 Vervins
27%
2800 Charmes
23%
2800 Fère
23%
2430 Gauchy
23%
2410 Saint-Gobain
23%
2400 Belleau
19%
2200 Belleu
19%
2880 Crouy
19%
2880 Cuffies
19%
2100 Fayet
19%
2130 Fère-en-Tardenois
19%
2120 Guise
19%
2250 Marle
19%
2700 Mennessis
19%
2300 Sinceny
19%
2150 Sissonne
19%
2290 Vic-sur-Aisne
19%
2300 Viry-Noureuil
19%
2110 Bohain-en-Vermandois
15%
2800 Danizy
15%
2520 Flavy-le-Martel
15%
2480 Jussy
15%
2390 Origny-Sainte-Benoite
15%
2200 Pommiers
15%
2490 Vermand
15%
2800 Achery
12%
2320 Anizy-le-Grand
12%
2480 Annois
12%
2840 Athies-sous-Laon
12%
2220 Braine
12%
2680 Castres
12%
2000 Chambry
12%
2440 Clastres
12%
2380 Coucy-le-Château-Auffrique
12%
2480 Cugny
12%
2690 Essigny-le-Grand
12%
2670 Folembray
12%
2230 Fresnoy-le-Grand
12%
2680 Grugies
12%
2760 Holnon
12%
2100 Lesdins
12%
2120 Marly-Gomont
12%
2610 Moÿ-de-l'Aisne
12%
2300 Ognes
12%
2360 Rozoy-sur-Serre
12%
2640 Saint-Simon
12%
2590 Savy
12%
2790 Seraucourt-le-Grand
12%
2240 Alaincourt
8%
2290 Ambleny
8%
2480 Artemps
8%
2000 Aulnois-sous-Laon
8%
2300 Autreville
8%
2110 Beaurevoir
8%
2300 Bichancourt
8%
2300 Blérancourt
8%
2880 Bucy-le-Long
8%
2260 Capelle
8%
2340 Chaourse
8%
2200 Courmelles
8%
2160 Craonne
8%
2200 Cuisy-en-Almont
8%
2680 Dallon
8%
2480 Dury
8%
2100 Essigny-le-Petit
8%
2580 Étréaupont
8%
2460 Ferté-Milon
8%
2700 Frières-Faillouël
8%
2400 Gland
8%
2480 Happencourt
8%
2420 Hargicourt
8%
2100 Harly
8%
2720 Homblières
8%
2880 Juvigny
8%
2420 Levergies
8%
2350 Liesse-Notre-Dame
8%
2700 Liez
8%
2340 Lislet
8%
2600 Longpont
8%
2200 Mercin-et-Vaux
8%
2340 Montcornet
8%
2390 Mont-d'Origny
8%
2440 Montescourt-Lizerolles
8%
2250 Montigny-le-Franc
8%
2100 Neuville-Saint-Amand
8%
2170 Nouvion-en-Thiérache
8%
2290 Osly-Courtil
8%
2200 Pasly
8%
2320 Pinon
8%
2480 Pithon
8%
2490 Pontru
8%
2490 Pontruet
8%
2110 Prémont
8%
2320 Prémontré
8%
2440 Remigny
8%
2240 Ribemont
8%
2590 Roupy
8%
2100 Rouvroy
8%
2830 Saint-Michel
8%
2600 Saint-Pierre-Aigle
8%
2840 Samoussy
8%
2290 Tartiers
8%
2800 Travecy
8%
2640 Tugny-et-Pont
8%
2690 Urvillers
8%
2200 Vauxbuin
8%
2800 Vendeuil
8%
2420 Vendhuile
8%
2800 Versigny
8%
2200 Villeneuve-Saint-Germain
8%
2300 Villequier-Aumont
8%
2420 Villeret
8%
2870 Vivaise
8%
2300 Abbécourt
4%
2360 Archon
4%
2270 Assis-sur-Serre
4%
2490 Attilly
4%
2420 Aubencheul-aux-Bois
4%
2590 Aubigny-aux-Kaisnes
4%
2290 Bagneux
4%
2850 Barzy-sur-Marne
4%
2300 Beaumont-en-Beine
4%
2590 Beauvois-en-Vermandois
4%
2420 Bellenglise
4%
2420 Bellicourt
4%
2250 Berlancourt
4%
2340 Berlise
4%
2120 Bernot
4%
2290 Berny-Rivière
4%
2290 Bieuxy
4%
2200 Billy-sur-Aisne
4%
2140 Bouteille
4%
2110 Brancourt-le-Grand
4%
2400 Brasles
4%
2480 Bray-Saint-Christophe
4%
2870 Brie
4%
2360 Brunehamel
4%
2860 Bruyères-et-Montbérault
4%
2870 Bucy-lès-Cerny
4%
2350 Bucy-lès-Pierrepont
4%
2500 Buire
4%
2620 Buironfosse
4%
2420 Catelet
4%
2270 Chalandry
4%
2860 Chamouille
4%
2670 Champs
4%
2310 Charly-sur-Marne
4%
2370 Chassemy
4%
2240 Châtillon-sur-Oise
4%
2000 Chavignon
4%
2880 Chavigny
4%
2000 Chéry-lès-Pouilly
4%
2360 Chéry-lès-Rozoy
4%
2880 Chivres-Val
4%
2880 Clamecy
4%
2340 Clermont-les-Fermes
4%
2700 Condren
4%
2680 Contescourt
4%
2820 Corbeny
4%
2600 Corcy
4%
2380 Coucy-la-Ville
4%
2840 Coucy-lès-Eppes
4%
2270 Couvron-et-Aumencourt
4%
2160 Craonnelle
4%
2270 Crécy-sur-Serre
4%
2650 Crézancy
4%
2270 Dercy
4%
2340 Dizy-le-Gros
4%
2600 Dommiers
4%
2290 Épagny
4%
2400 Épieds
4%
2840 Eppes
4%
2400 Essômes-sur-Marne
4%
2420 Estrées
4%
2400 Étampes-sur-Marne
4%
2590 Étreillers
4%
2510 Étreux
4%
2190 Évergnicourt
4%
2600 Faverolles
4%
2600 Fleury
4%
2680 Fontaine-lès-Clercs
4%
2140 Fontaine-lès-Vervins
4%
2290 Fontenoy
4%
2870 Fourdrain
4%
2760 Francilly-Selency
4%
2140 Gercy
4%
2590 Germaine
4%
2440 Gibercourt
4%
2350 Goudelancourt-lès-Pierrepont
4%
2420 Gouy
4%
2120 Grand-Verly
4%
2100 Gricourt
4%
2300 Guivry
4%
2300 Guny
4%
2600 Haramont
4%
2140 Hary
4%
2240 Itancourt
4%
2420 Joncourt
4%
2380 Jumencourt
4%
2140 Landouzy-la-Cour
4%
2140 Landouzy-la-Ville
4%
2380 Landricourt
4%
2150 Lappion
4%
2420 Lehaucourt
4%
2140 Lemé
4%
2420 Lempire
4%
2380 Leuilly-sous-Coucy
4%
2600 Louâtre
4%
2140 Lugny
4%
2300 Manicamp
4%
2720 Marcy
4%
2250 Marcy-sous-Marle
4%
2880 Margival
4%
2800 Mayot
4%
2720 Mesnil-Saint-Laurent
4%
2270 Monceau-lès-Leups
4%
2500 Mondrepuis
4%
2000 Mons-en-Laonnois
4%
2110 Montbrehain
4%
2340 Montloué
4%
2310 Montreuil-aux-Lions
4%
2400 Mont-Saint-Père
4%
2420 Nauroy
4%
2190 Neufchâtel-sur-Aisne
4%
2300 Neuville-en-Beine
4%
2150 Nizy-le-Comte
4%
2340 Noircourt
4%
2270 Nouvion-et-Catillon
4%
2480 Ollezy
4%
2100 Omissy
4%
2200 Pernant
4%
2630 Petit-Verly
4%
2300 Pierremande
4%
2350 Pierrepont
4%
2140 Plomion
4%
2270 Pouilly-sur-Serre
4%
2120 Proix
4%
2110 Ramicourt
4%
2240 Regny
4%
2100 Remaucourt
4%
2340 Renneval
4%
2260 Rocquigny
4%
2120 Sains-Richaumont
4%
2300 Saint-Aubin
4%
2340 Sainte-Geneviève
4%
2820 Saint-Erme-Outre-et-Ramecourt
4%
2140 Saint-Gobert
4%
2410 Saint-Nicolas-aux-Bois
4%
2300 Saint-Paul-aux-Bois
4%
2130 Saponay
4%
2300 Selens
4%
2150 Selve
4%
2200 Septmonts
4%
2110 Serain
4%
2220 Serches
4%
2240 Sissy
4%
2260 Sommeron
4%
2880 Terny-Sorny
4%
2250 Thiernu
4%
2340 Thuel
4%
2300 Trosly-Loire
4%
2120 Tupigny
4%
2000 Urcel
4%
2120 Vadencourt
4%
2370 Vailly-sur-Aisne
4%
2200 Vauxrezis
4%
2200 Venizel
4%
2400 Verdilly
4%
2380 Verneuil-sous-Coucy
4%
2290 Vézaponin
4%
2210 Vierzy
4%
2340 Vigneux-Hocquet
4%
2190 Villeneuve-sur-Aisne
4%
2600 Villers-Hélon
4%
2120 Villers-lès-Guise
4%
2590 Villers-Saint-Christophe
4%
2310 Villiers-Saint-Denis
4%
2140 Voulpaix
4%
2630 Wassigny
4%
2500 Wimy
4%
2200 Acy
0%
2340 Agnicourt-et-Séchelles
0%
2190 Aguilcourt
0%
2110 Aisonville-et-Bernoville
0%
2820 Aizelles
0%
2370 Aizy-Jouy
0%
2320 Allemant
0%
2200 Ambrief
0%
2190 Amifontaine
0%
2700 Amigny-Rouy
0%
2600 Ancienville
0%
2800 Andelain
0%
2800 Anguilcourt-le-Sart
0%
2500 Any-Martin-Rieux
0%
2130 Arcy-Sainte-Restitue
0%
2210 Armentières-sur-Ourcq
0%
2860 Arrancy
0%
2500 Aubenton
0%
2820 Aubigny-en-Laonnois
0%
2300 Audignicourt
0%
2120 Audigny
0%
2220 Augy
0%
2360 Autels
0%
2250 Autremencourt
0%
2580 Autreppes
0%
2400 Azy-sur-Marne
0%
2140 Bancigny
0%
2000 Barenton-Bugny
0%
2000 Barenton-Cel
0%
2270 Barenton-sur-Serre
0%
2700 Barisis-aux-Bois
0%
2170 Barzy-en-Thiérache
0%
2380 Bassoles-Aulers
0%
2220 Bazoches-et-Saint-Thibaut
0%
2500 Beaumé
0%
2160 Beaurieux
0%
2110 Becquigny
0%
2440 Benay
0%
2450 Bergues-sur-Sambre
0%
2200 Bernoy-le-Château
0%
2820 Berrieux
0%
2190 Berry-au-Bac
0%
2800 Bertaucourt-Epourdon
0%
2240 Berthenicourt
0%
2190 Bertricourt
0%
2300 Besmé
0%
2500 Besmont
0%
2870 Besny-et-Loizy
0%
2300 Béthancourt-en-Vaux
0%
2210 Beugneux
0%
2130 Beuvardes
0%
2310 Bézu-le-Guéry
0%
2400 Bézu-Saint-Germain
0%
2860 Bièvres
0%
2210 Billy-sur-Ourcq
0%
2160 Blanzy-lès-Fismes
0%
2400 Blesmes
0%
2270 Bois-lès-Pargny
0%
2350 Boncourt
0%
2400 Bonneil
0%
2400 Bonnesvalyn
0%
2420 Bony
0%
2250 Bosmont-sur-Serre
0%
2860 Bouconville-Vauclair
0%
2450 Boué
0%
2160 Bouffignereux
0%
2400 Bouresches
0%
2160 Bourg-et-Comin
0%
2300 Bourguignon-sous-Coucy
0%
2000 Bourguignon-sous-Montbavin
0%
2320 Brancourt-en-Laonnois
0%
2880 Braye
0%
2000 Braye-en-Laonnois
0%
2140 Braye-en-Thiérache
0%
2210 Brécy
0%
2220 Brenelle
0%
2210 Breny
0%
2240 Brissay-Choigny
0%
2240 Brissy-Hamégicourt
0%
2810 Brumetz
0%
2130 Bruyères-sur-Fère
0%
2220 Bruys
0%
2500 Bucilly
0%
2140 Burelles
0%
2810 Bussiares
0%
2200 Buzancy
0%
2300 Caillouël-Crépigny
0%
2300 Camelin
0%
2490 Caulaincourt
0%
2300 Caumont
0%
2330 Celles-lès-Condé
0%
2370 Celles-sur-Aisne
0%
2240 Cerizy
0%
2860 Cerny-en-Laonnois
0%
2870 Cerny-lès-Bucy
0%
2220 Cerseuil
0%
2320 Cessières-Suzy
0%
2200 Chacrise
0%
2000 Chaillevois
0%
2570 Chapelle-sur-Chézy
0%
2850 Charmel
0%
2400 Chartèves
0%
2270 Châtillon-lès-Sons
0%
2160 Chaudardes
0%
2200 Chaudun
0%
2370 Chavonne
0%
2860 Chérêt
0%
2860 Chermizy-Ailles
0%
2220 Chéry-Chartreuve
0%
2250 Chevennes
0%
2000 Chevregny
0%
2270 Chevresis-Monceau
0%
2810 Chézy-en-Orxois
0%
2570 Chézy-sur-Marne
0%
2400 Chierry
0%
2120 Chigny
0%
2350 Chivres-en-Laonnois
0%
2000 Chivy-lès-Étouvelles
0%
2210 Chouy
0%
2130 Cierges
0%
2250 Cilly
0%
2220 Ciry-Salsogne
0%
2000 Clacy-et-Thierret
0%
2260 Clairfontaine
0%
2600 Cœuvres-et-Valsery
0%
2210 Coincy
0%
2360 Coingt
0%
2860 Colligis-Crandelain
0%
2120 Colonfay
0%
2300 Commenchon
0%
2160 Concevreux
0%
2330 Condé-en-Brie
0%
2370 Condé-sur-Aisne
0%
2190 Condé-sur-Suippe
0%
2330 Connigis
0%
2130 Coulonges-Cohan
0%
2310 Coupru
0%
2800 Courbes
0%
2330 Courboin
0%
2220 Courcelles-sur-Vesle
0%
2810 Courchamps
0%
2130 Courmont
0%
2850 Courtemont-Varennes
0%
2820 Courtrizy-et-Fussigny
0%
2220 Couvrelles
0%
2600 Coyolles
0%
2130 Cramaille
0%
2380 Crécy-au-Mont
0%
2110 Croix-Fonsomme
0%
2210 Croix-sur-Ourcq
0%
2310 Crouttes-sur-Marne
0%
2120 Crupilly
0%
2350 Cuirieux
0%
2220 Cuiry-Housse
0%
2160 Cuiry-lès-Chaudardes
0%
2360 Cuiry-lès-Iviers
0%
2160 Cuissy-et-Geny
0%
2600 Cutry
0%
2220 Cys-la-Commune
0%
2140 Dagny-Lambercy
0%
2470 Dammard
0%
2600 Dampleux
0%
2700 Deuillet
0%
2220 Dhuizel
0%
2540 Dhuys et Morin-en-Brie
0%
2360 Dohis
0%
2360 Dolignon
0%
2310 Domptin
0%
2450 Dorengt
0%
2590 Douchy
0%
2130 Dravegny
0%
2210 Droizy
0%
2350 Ébouleau
0%
2500 Effry
0%
2260 Englancourt
0%
2500 Éparcy
0%
2400 Épaux-Bézu
0%
2540 Épine-aux-Bois
0%
2250 Erlon
0%
2260 Erloy
0%
2170 Esquéhéries
0%
2570 Essises
0%
2110 Étaves-et-Bocquiaux
0%
2000 Étouvelles
0%
2400 Étrépilly
0%
2270 Ferté-Chevresis
0%
2450 Fesmy-le-Sart
0%
2840 Festieux
0%
2110 Fieulaine
0%
2000 Filain
0%
2260 Flamengrie
0%
2120 Flavigny-le-Grand-et-Beaurain
0%
2590 Fluquières
0%
2110 Fonsomme
0%
2110 Fontaine-Notre-Dame
0%
2110 Fontaine-Uterte
0%
2170 Fontenelle
0%
2590 Foreste
0%
2650 Fossoy
0%
2140 Franqueville
0%
2130 Fresnes-en-Tardenois
0%
2380 Fresnes-sous-Coucy
0%
2800 Fressancourt
0%
2260 Froidestrées
0%
2270 Froidmont-Cohartille
0%
2810 Gandelu
0%
2260 Gergny
0%
2350 Gizy
0%
2820 Goudelancourt-lès-Berrieux
0%
2130 Goussancourt
0%
2350 Grandlup-et-Fay
0%
2360 Grandrieux
0%
2210 Grand-Rozoy
0%
2210 Grisolles
0%
2140 Gronard
0%
2110 Grougis
0%
2160 Guyencourt
0%
2510 Hannapes
0%
2140 Harcigny
0%
2210 Hartennes-et-Taux
0%
2810 Hautevesnes
0%
2120 Hauteville
0%
2140 Haution
0%
2500 Hérie
0%
2120 Hérie-la-Viéville
0%
2440 Hinacourt
0%
2140 Houry
0%
2250 Housset
0%
2510 Iron
0%
2360 Iviers
0%
2850 Jaulgonne
0%
2490 Jeancourt
0%
2140 Jeantes
0%
2220 Jouaignes
0%
2160 Jumigny
0%
2190 Juvincourt-et-Damary
0%
2880 Laffaux
0%
2140 Laigny
0%
2590 Lanchy
0%
2120 Landifay-et-Bertaignemont
0%
2000 Laniscourt
0%
2600 Largny-sur-Automne
0%
2210 Latilly
0%
2210 Launoy
0%
2860 Laval-en-Laonnois
0%
2450 Lavaqueresse
0%
2600 Laversine
0%
2260 Lerzy
0%
2170 Leschelle
0%
2220 Lesges
0%
2120 Lesquielles-Saint-Germain
0%
2880 Leury
0%
2500 Leuze
0%
2220 Lhuys
0%
2810 Licy-Clignon
0%
2860 Lierval
0%
2220 Limé
0%
2500 Logny-lès-Aubenton
0%
2190 Lor
0%
2130 Loupeigne
0%
2400 Lucy-le-Bocage
0%
2500 Luzoir
0%
2440 Ly-Fontaine
0%
2220 Maast-et-Violaine
0%
2350 Mâchecourt
0%
2470 Macogny
0%
2120 Macquigny
0%
2420 Magny-la-Fosse
0%
2490 Maissemy
0%
2160 Maizy
0%
2190 Malmaison
0%
2120 Malzy
0%
2350 Marchais
0%
2300 Marest-Dampcourt
0%
2130 Mareuil-en-Dôle
0%
2140 Marfontaine
0%
2810 Marigny-en-Orxois
0%
2470 Marizy-Sainte-Geneviève
0%
2470 Marizy-Saint-Mard
0%
2500 Martigny
0%
2860 Martigny-Courpierre
0%
2820 Mauregny-en-Haye
0%
2630 Mennevret
0%
2000 Merlieux-et-Fouquerolles
0%
2270 Mesbrecourt-Richecourt
0%
2160 Meurival
0%
2240 Mézières-sur-Oise
0%
2650 Mézy-Moulins
0%
2200 Missy-aux-Bois
0%
2350 Missy-lès-Pierrepont
0%
2880 Missy-sur-Aisne
0%
2110 Molain
0%
2000 Molinchart
0%
2000 Monampteuil
0%
2270 Monceau-le-Neuf-et-Faucouzy
0%
2840 Monceau-le-Waast
0%
2120 Monceau-sur-Oise
0%
2470 Monnes
0%
2820 Montaigu
0%
2000 Montbavin
0%
2860 Montchâlons
0%
2540 Montfaucon
0%
2600 Montgobert
0%
2210 Montgru-Saint-Hilaire
0%
2860 Monthenault
0%
2400 Monthiers
0%
2330 Monthurel
0%
2110 Montigny-en-Arrouaise
0%
2810 Montigny-l'Allier
0%
2290 Montigny-Lengrain
0%
2330 Montigny-lès-Condé
0%
2250 Montigny-sous-Marle
0%
2270 Montigny-sur-Crécy
0%
2330 Montlevon
0%
2220 Mont-Notre-Dame
0%
2360 Mont-Saint-Jean
0%
2220 Mont-Saint-Martin
0%
2100 Morcourt
0%
2360 Morgny-en-Thiérache
0%
2290 Morsain
0%
2600 Mortefontaine
0%
2270 Mortiers
0%
2160 Moulins
0%
2160 Moussy-Verneuil
0%
2210 Muret-et-Crouttes
0%
2160 Muscourt
0%
2140 Nampcelles-la-Cour
0%
2200 Nampteuil-sous-Muret
0%
2880 Nanteuil-la-Fosse
0%
2210 Nanteuil-Notre-Dame
0%
2400 Nesles-la-Montagne
0%
2300 Neuflieux
0%
2470 Neuilly-Saint-Front
0%
2500 Neuve-Maison
0%
2250 Neuville-Bosmont
0%
2250 Neuville-Housset
0%
2450 Neuville-lès-Dorengt
0%
2860 Neuville-sur-Ailette
0%
2880 Neuville-sur-Margival
0%
2390 Neuvillette
0%
2400 Nogentel
0%
2310 Nogent-l'Artaud
0%
2600 Noroy-sur-Ourcq
0%
2800 Nouvion-le-Comte
0%
2860 Nouvion-le-Vineux
0%
2290 Nouvron-Vingré
0%
2120 Noyales
0%
2160 Œuilly
0%
2500 Ohis
0%
2600 Oigny-en-Valois
0%
2450 Oisy
0%
2190 Orainville
0%
2860 Orgeval
0%
2550 Origny-en-Thiérache
0%
2370 Ostel
0%
2160 Oulches-la-Vallée-Foulon
0%
2210 Oulchy-la-Ville
0%
2210 Oulchy-le-Château
0%
2220 Paars
0%
2160 Paissy
0%
2860 Pancy-Courtecon
0%
2260 Papleux
0%
2210 Parcy-et-Tigny
0%
2360 Parfondeval
0%
2840 Parfondru
0%
2160 Pargnan
0%
2000 Pargny-Filain
0%
2330 Pargny-la-Dhuys
0%
2270 Pargny-les-Bois
0%
2240 Parpeville
0%
2470 Passy-en-Valois
0%
2850 Passy-sur-Marne
0%
2310 Pavant
0%
2190 Pignicourt
0%
2240 Pleine-Selve
0%
2210 Plessier-Huleu
0%
2200 Ploisy
0%
2860 Ployart-et-Vaurseine
0%
2160 Pont-Arcy
0%
2160 Pontavert
0%
2380 Pont-Saint-Mard
0%
2370 Presles-et-Boves
0%
2860 Presles-et-Thierny
0%
2470 Priez
0%
2140 Prisces
0%
2120 Proisy
0%
2190 Prouvais
0%
2190 Proviseux-et-Plesnoy
0%
2600 Puiseux-en-Retz
0%
2120 Puisieux-et-Clanlieu
0%
2300 Quierzy
0%
2380 Quincy-Basse
0%
2220 Quincy-sous-le-Mont
0%
2360 Raillimont
0%
2270 Remies
0%
2240 Renansart
0%
2360 Résigny
0%
2290 Ressons-le-Long
0%
2600 Retheuil
0%
2850 Reuilly-Sauvigny
0%
2110 Ribeauville
0%
2210 Rocourt-Saint-Martin
0%
2800 Rogécourt
0%
2140 Rogny
0%
2310 Romeny-sur-Marne
0%
2120 Romery
0%
2130 Ronchères
0%
2160 Roucy
0%
2140 Rougeries
0%
2360 Rouvroy-sur-Serre
0%
2000 Royaucourt-et-Chailvet
0%
2210 Rozet-Saint-Albin
0%
2200 Rozières-sur-Crise
0%
2540 Rozoy-Bellevalle
0%
2200 Saconin-et-Breuil
0%
2260 Saint-Algis
0%
2290 Saint-Bandry
0%
2290 Saint-Christophe-à-Berry
0%
2360 Saint-Clément
0%
2820 Sainte-Croix
0%
2350 Sainte-Preuve
0%
2330 Saint-Eugène
0%
2810 Saint-Gengoulph
0%
2220 Saint-Mard
0%
2110 Saint-Martin-Rivière
0%
2140 Saint-Pierre-lès-Franqueville
0%
2250 Saint-Pierremont
0%
2210 Saint-Rémy-Blanzy
0%
2820 Saint-Thomas
0%
2880 Sancy-les-Cheminots
0%
2310 Saulchery
0%
2110 Seboncourt
0%
2160 Septvallons
0%
2410 Septvaux
0%
2420 Sequehart
0%
2130 Sergy
0%
2130 Seringes-et-Nesles
0%
2220 Sermoise
0%
2700 Servais
0%
2160 Serval
0%
2240 Séry-lès-Mézières
0%
2460 Silly-la-Poterie
0%
2340 Soize
0%
2470 Sommelans
0%
2480 Sommette-Eaucourt
0%
2270 Sons-et-Ronchères
0%
2580 Sorbais
0%
2600 Soucy
0%
2160 Soupir
0%
2140 Sourd
0%
2240 Surfontaine
0%
2600 Taillefontaine
0%
2220 Tannières
0%
2250 Tavaux-et-Pontséricourt
0%
2140 Thenailles
0%
2390 Thenelles
0%
2810 Torcy-en-Valois
0%
2250 Toulis-et-Attencourt
0%
2490 Trefcon
0%
2850 Trélou-sur-Marne
0%
2460 Troësnes
0%
2860 Trucy
0%
2300 Ugny-le-Gay
0%
2140 Vallée-au-Blé
0%
2110 Vallée-Mulâtre
0%
2330 Vallées en Champagne
0%
2190 Variscourt
0%
2290 Vassens
0%
2220 Vasseny
0%
2160 Vassogne
0%
2000 Vaucelles-et-Beffecourt
0%
2320 Vaudesson
0%
2320 Vauxaillon
0%
2110 Vaux-Andigny
0%
2590 Vaux-en-Vermandois
0%
2220 Vauxtin
0%
2490 Vendelles
0%
2540 Vendières
0%
2160 Vendresse-Beaulne
0%
2510 Vénérolles
0%
2490 Verguier
0%
2000 Verneuil-sur-Serre
0%
2350 Vesles-et-Caumont
0%
2840 Veslud
0%
2810 Veuilly-la-Poterie
0%
2130 Vézilly
0%
2210 Vichel-Nanteuil
0%
2160 Viel-Arcy
0%
2540 Viels-Maisons
0%
2540 Viffort
0%
2340 Ville-aux-Bois-lès-Dizy
0%
2160 Ville-aux-Bois-lès-Pontavert
0%
2210 Villemontoire
0%
2130 Villeneuve-sur-Fère
0%
2130 Villers-Agron-Aiguizy
0%
2240 Villers-le-Sec
0%
2130 Villers-sur-Fère
0%
2220 Ville-Savoye
0%
2340 Vincy-Reuil-et-Magny
0%
2600 Vivières
0%
2140 Voharies
0%
2860 Vorges
0%
2250 Voyenne
0%
2880 Vregny
0%
2880 Vuillery
0%
2830 Watigny
0%
2120 Wiège-Faty
0%
2320 Wissignicourt
0%
Aucun quiz correspondant
Distribution des résultats
% des personnes avec chaque résultat
Percentile par nombre de réponses
Votre historique - résultats
Vous n’avez pas pris ce quiz